| 000 | 00331nam a2200133Ia 4500 | ||
|---|---|---|---|
| 005 | 20260326235503.0 | ||
| 008 | 260326s9999||||xx |||||||||||||| ||und|| | ||
| 100 | _aSegawa, Hugo | ||
| 245 | 0 |
_aArquiteturas no Brasil 1900-1990 / _cHugo Segawa |
|
| 260 | _bEDUSP | ||
| 300 | _a224 p. | ||
| 650 | _aARQUITECTURA REGIONAL | ||
| 942 | _cBK | ||
| 999 |
_c8110 _d8110 |
||